000 00690nam a2200241Ia 4500
003 OSt
005 20220926014846.0
006 a|||||r|||| 00| 0
007 ta
008 220923b |||||||| |||| 00| 0 eng d
020 _a1583670505
037 _cGeneral Book
040 _aRTL
_cRTL
_beng
041 _2eng
_aeng
082 _aY73:4.63.P, P2
100 _aDesai Ashwin
_939529
245 0 _aWe are the Poors
_bCommunity struggles in post-apartheid south africa
260 _aNew York
_bMonthly Review Press
_c2002
300 _a153p
_ccm.
650 _aEthnology
_935130
942 _hY73:4.63.P, P2
_cGB
_2CC
999 _c630008
_d630008